00404nam a2200145Ia 4500100001800000942000700018654001100025245003200036260004300068082001600111300000800127546001200135999001700147952009400164 aAtthreya/N.H  cBK acredit aEffective credit Management bMMC School Of ManagementaMumbaic1994 a658.88bATT a336 aENGLISH c25398d25398 001040708CRCaCRCEbCRCEd2023-03-17l0o658.88 ATTp12722r2023-03-17w2023-03-17yBK